000 01062nam a22002897a 4500
001 9237
003 FISKH
005 20251204104623.0
008 251204b cb ||||| |||| 00| 0 eng d
020 _a9788120766693
040 _aFISKH
_beng
_cFISKH
_dFISKH
082 _a372.4
100 _aAnonymous
245 _aPhonics :
_bJoining sounds /
250 _aThis edition published in 2011.
260 _aNew Delhi :
_bNew Dawn Press,
_c2006.
300 _a22 unnumbered pages :
_bcolor illustrations ;
_c18 cm
504 _aC
520 _aA simple phonics story that helps young readers practice joining sounds. A clown blows a trumpet, startling a frog who jumps in fright. Designed to support early reading and sound-blending skills.
521 8 _a150
_bLexile estimate
521 8 _aC
_bRaz-Plus
650 _aPhonics
_vJuvenile literature.
_xStudy and teaching
650 _aReading (Early childhood)
_vJuvenile literature.
650 _aSound blending (Reading)
_vJuvenile literature.
942 _2ddc
_cBK
_n0
999 _c9237
_d9237